000 00325nam a22001337a 4500
008 170620b xxu||||| |||| 00| 0 eng d
020 _a9780271018003
041 _aeng
080 _a32
100 _a20
101 _aSHP
245 _aWHAT KIND DEMOCRACY WHAT KIND MARKET LATIN MAERICA
_cOXHAM.P.D
942 _2udc
_cBK
999 _c18263
_d18263